Language By Movie Poster Quiz Stats

 Plays Quiz Updated Dec 27, 2018

Support Sporcle.
Go Orange.
Score 0/15 Timer 06:00
1 Play Today
% Correct
German
99.2%
Spanish
96.6%
English
85.7%
French
85%
Korean
80.7%
Japanese
80.1%
Italian
79.2%
Russian
79.1%
% Correct
Portuguese
76.5%
Greek
71.8%
Polish
63.6%
Swedish
59.8%
Turkish
48.8%
Thai
46.3%
Romanian
40.2%

You're not logged in!

Compare scores with friends on all Sporcle quizzes.
OR
Log In
Forgot?

From the Vault

Horror Movie Motives

by Exodiafinder687

Movies 5m
Who among us hasn't been motivated by the need to eat brains before?
Remove Ads.
Support Sporcle.
Get the best of Sporcle when you Go Orange. This ad-free experience offers more features, more stats, and more fun while also helping to support Sporcle. Thank you for becoming a member.

Show Comments

Extras

Top Quizzes Today


Score Distribution

Your Account Isn't Verified!

In order to create a playlist on Sporcle, you need to verify the email address you used during registration. Go to your Sporcle Settings to finish the process.

Report this User

Report this user for behavior that violates our Community Guidelines.

Details: